Задачник по гидравлике для гидромелиоративных и гидротехнических институтов и факультетов: учебное пособие

Dettagli Bibliografici
Autore principale: Андреевская А. В. Ангелина Васильевна
Altri autori: Кременецкий Н. Н. Николай Николаевич (редактор), Панова М. В. Мария Васильевна, Агроскин И. И.
Riassunto:Издание задачника по гидравлике составлено в соответствии с программой курса гидравлики, утвержденной Министерством образования и науки РФ для гидромелиоративных и гидротехнических вузов, применительно к изданию курса «Гидравлика» под редакцией И. И. Агроскина. В каждом разделе задачника даны типовые задачи с решениями и ряд однотипных задач (с ответами). Последние будут полезны преподавателям при выдаче студентам индивидуальных заданий по гидравлике. Задачник предназначен в качестве учебного пособия для студентов гидромелиоративных институтов и факультетов и гидротехнических факультетов строительных вузов, а также может быть использован инженерами, выполняющими гидравлические расчеты.
Lingua:russo
Pubblicazione: Екатеринбург, ЮЛАНД, 2017
Soggetti:
Natura: MixedMaterials Libro
KOHA link:https://koha.lib.tpu.ru/cgi-bin/koha/opac-detail.pl?biblionumber=332254

MARC

LEADER 00000nam0a2200000 4500
001 332254
005 20231102004434.0
010 |a 5060014210 
035 |a (RuTPU)RU\TPU\book\358161 
035 |a RU\TPU\book\66539 
090 |a 332254 
100 |a 20170518d2017 m y0rusy50 ca 
101 0 |a rus 
102 |a RU 
105 |a a j 000zy 
200 1 |a Задачник по гидравлике для гидромелиоративных и гидротехнических институтов и факультетов  |e учебное пособие  |f А. В. Андреевская, Н. Н. Кременецкий, М. В. Панова  |g под ред. И. И. Агроскина 
210 |a Екатеринбург  |c ЮЛАНД  |d 2017 
215 |a 384 с.  |c ил. 
330 |a Издание задачника по гидравлике составлено в соответствии с программой курса гидравлики, утвержденной Министерством образования и науки РФ для гидромелиоративных и гидротехнических вузов, применительно к изданию курса «Гидравлика» под редакцией И. И. Агроскина. В каждом разделе задачника даны типовые задачи с решениями и ряд однотипных задач (с ответами). Последние будут полезны преподавателям при выдаче студентам индивидуальных заданий по гидравлике. Задачник предназначен в качестве учебного пособия для студентов гидромелиоративных институтов и факультетов и гидротехнических факультетов строительных вузов, а также может быть использован инженерами, выполняющими гидравлические расчеты. 
606 1 |a Гидравлика  |2 stltpush  |3 (RuTPU)RU\TPU\subj\6462  |9 34344 
610 1 |a задачи 
610 1 |a гидростатика 
610 1 |a уравнение Бернулли 
610 1 |a трубопроводы 
610 1 |a расчеты 
610 1 |a водосливы 
610 1 |a жидкости 
610 1 |a гидравлический удар 
610 1 |a бьефы 
610 1 |a гидравлический прыжок 
610 1 |a движение 
610 1 |a учебные пособия 
675 |a 532(076)  |v 3 
700 1 |a Андреевская  |b А. В.  |g Ангелина Васильевна 
701 1 |a Кременецкий  |b Н. Н.  |g Николай Николаевич 
701 1 |a Панова  |b М. В.  |g Мария Васильевна 
702 1 |a Агроскин  |b И. И.  |4 340 
801 1 |a RU  |b 63413507  |c 20040416  |g PSBO 
801 2 |a RU  |b 63413507  |c 20170606  |g PSBO 
942 |c BK